|
|
|
|
| LEADER |
00931nam a2200193 a 4500 |
| 008 |
100504s2000enka 000 0 eng d |
| 020 |
|
|
|a 0333799852 (pbk.)
|
| 040 |
|
|
|a BD-DhAAL
|c BD-DhAAL
|
| 082 |
0 |
0 |
|a 428.0071
|2 21
|
| 100 |
1 |
|
|a Vince, Michael.
|
| 245 |
1 |
0 |
|a Essential language practice :
|b reference and practice for beginning students of American English : with key /
|c Michael Vince.
|
| 260 |
|
|
|a Oxford, England :
|b Macmillan Heinemann English Language Teaching,
|c c2000.
|
| 300 |
|
|
|a 256 p. :
|b ill. ;
|c 27 cm.
|
| 500 |
|
|
|a Suitable for literacy/ELL program; beginning level.
|
| 541 |
1 |
|
|e 00014086
|
| 650 |
|
0 |
|a English language
|x Study and teaching
|x Foreign speakers.
|
| 852 |
4 |
|
|a Ayesha Abed Library
|j General shelf
|
| 999 |
|
|
|c 8381
|d 8381
|
| 952 |
|
|
|0 0
|1 0
|2 ddc
|4 0
|6 428_007100000000000_VIN
|7 0
|9 9761
|a BRACUL
|b BRACUL
|c GEN
|d 2010-05-04
|l 4
|m 3
|o 428.0071 VIN
|p 3010014086
|r 2018-12-04
|s 2018-10-11
|t 1
|w 2010-05-04
|y BK
|x Price not available in register book.
|